00552nam a2200181 i 4500001000300000245006600003260002100069490002300090830002300113040000800136041000800144080001000152942000700162008004100169999001300210856009600223952005100319bg00aNarzędzia.nT.1,pNarzędzia metalowe do skrawania metali. aWarszawa,c1979.1 aKatalog SWW - 0641 aKatalog SWW - 0641 cBPK apol a621.9 cKA s pl f |000 0 pol  c305d305 uhttp://koha.tu.koszalin.pl/cgi-bin/koha/opac-detail.pl?biblionumber=305yKatalog online BPK 00104070aBPKbBPKcwoKC 1463p01988512yKA